| 000 | 01364cam a2200325 i 4500 | ||
|---|---|---|---|
| 001 | 768714001 | ||
| 003 | CO-MdFUSB | ||
| 005 | 20240229144219.0 | ||
| 007 | ta | ||
| 008 | 211030b1993 us ||||| |||| 00| | eng d | ||
| 020 | _a0-89922-3737 | ||
| 040 |
_bspa. _aCO-MdFUSB _cCO-MdFUSB _dCO-MdFUSBC _erda |
||
| 041 | _aspa | ||
| 082 | 0 | 4 |
_223 _a227.92 _bG7951 |
| 100 | 1 |
_aGreen, Eugenio _eautor |
|
| 245 | 1 | 0 |
_a1 Pedro y 2 Pedro _c/ Eugenio Green |
| 264 | 1 |
_aMiami, USA : _bCaribe, _c[1993] |
|
| 264 | 4 | _c© 1993 | |
| 300 |
_a460 páginas _c; 22 cm |
||
| 336 |
_2rdacontent _atexto _btxt |
||
| 337 |
_2rdamedia _asin mediación _bn |
||
| 338 |
_2rdacarrier _avolumen _bnc |
||
| 490 | _aComentario Bíblico Hispanoamericano | ||
| 505 |
_t1 Pedro: _aIntroducción general. -- Bosquejo de 1 Pedro: La salutación epistolar. -- La existencia cristiana. -- Las obligaciones cristianas. -- Exhortación y salutación finales. _t2 Pedro: _aIntroducción a 2 Pedro. -- Bosquejo de 2 Pedro: La salutación epistolar. -- La declaración del tema: el escape de la corrupción en el mundo. -- Defensa de la fe contra los maestros falsos. -- Exhortaciones y doxología finales. |
||
| 563 | _aTapa dura | ||
| 630 | 0 | 7 |
_aBiblia. _pPedro, 1ª _xCrítica, interpretación, etc. |
| 630 | 0 | 7 |
_aBiblia. _pPedro, 2ª _xCrítica, interpretación, etc |
| 942 | _cREF | ||
| 945 | _aMag1104 | ||
| 999 |
_c33735 _d33735 |
||